[Event "Bad Woerishofen op 32nd"]
[Site "Bad Woerishofen"]
[Date "2016.03.04"]
[Round "8"]
[White "Pohlers, Juergen"]
[Black "Kugelmann, Joachim"]
[Result "1/2-1/2"]
[WhiteElo "1967"]
[BlackElo "2159"]
[PlyCount "93"]
[EventDate "2016.02.26"]
[EventType "swiss"]
[EventRounds "9"]
[EventCountry "GER"]
[SourceTitle "EXT 2022"]
[Source "ChessBase"]
[SourceDate "2021.10.06"]
[SourceVersion "1"]
[SourceVersionDate "2021.10.06"]
[SourceQuality "1"]

1. d4 Nf6 2. c4 e6 3. Nc3 Bb4 4. e3 c5 5. Nge2 cxd4 6. exd4 d5 7. a3 Be7 8. Nf4 Nc6 9. Be3 dxc4 10. Bxc4 0-0 11. 0-0 Bd6 12. g3 Ne7 13. Be2 Bd7 14. Bf3 Bc6 15. Bxc6 Nxc6 16. Nb5 Be7 17. Nc3 Bd6 18. Nh5 Nxh5 19. Qxh5 Qa5 20. Qxa5 Nxa5 21. Ne4 Be7 22. Rac1 Rfc8 23. Nd2 b6 24. Kg2 Kf8 25. Kf3 Bf6 26. Rfd1 Ke7 27. Ne4 Nc4 28. Rc2 Nxe3 29. Rxc8 Rxc8 30. fxe3 Rc2 31. Rd2 Rxd2 32. Nxd2 Kd7 33. Ke4 Bd8 34. g4 b5 35. b3 Ba5 36. Nf3 f6 37. h4 Bc7 38. a4 bxa4 39. bxa4 Kc6 40. Kd3 a6 41. h5 g6 42. hxg6 hxg6 43. Nh4 g5 44. Nf3 Bd8 45. e4 Kd6 46. Nd2 Bc7 47. Nc4+ 1/2-1/2

[Event "Bad Woerishofen op 19th"]
[Site "Bad Woerishofen"]
[Date "2003.03.15"]
[Round "3"]
[White "Kugelmann, Joachim"]
[Black "Lindenmair, Anton"]
[Result "1-0"]
[WhiteElo "1922"]
[BlackElo "2132"]
[PlyCount "81"]
[EventDate "2003.03.13"]
[EventType "swiss"]
[EventRounds "9"]
[EventCountry "GER"]
[SourceTitle "CBM 093 Extra"]
[Source "ChessBase"]
[SourceDate "2003.05.09"]
[SourceVersion "1"]
[SourceVersionDate "2003.05.09"]
[SourceQuality "1"]

1. e4 e5 2. Nf3 Nf6 3. d4 Nxe4 4. Bd3 d5 5. Nxe5 Nd7 6. Qe2 Nxe5 7. Bxe4 dxe4 8. Qxe4 Be6 9. Qxe5 Be7 10. c3 0-0 11. 0-0 Bd6 12. Qh5 Re8 13. Be3 Qd7 14. Nd2 Bg4 15. Qh4 Be7 16. Qg3 Bd6 17. Bf4 Re2 18. Nc4 Bxf4 19. Qxf4 Be6 20. Ne5 Qd6 21. b3 Qa3 22. Qf3 Rxa2 23. Rxa2 Qxa2 24. Qxb7 Rf8 25. c4 Bc8 26. Qxc7 Qxb3 27. Nxf7 Bg4 28. Ne5 Be2 29. Qc6 Qb8 30. Qe6+ Kh8 31. Ra1 Qe8 32. Qxe8 Rxe8 33. Rxa7 Bxc4 34. f4 Bd5 35. Rd7 Be4 36. g4 h6 37. Kf2 Rf8 38. Rd8 Rxd8 39. Nf7+ Kg8 40. Nxd8 Bd5 41. f5 1-0

[Event "Bad Woerishofen op 19th"]
[Site "Bad Woerishofen"]
[Date "2003.03.13"]
[Round "1"]
[White "Kugelmann, Joachim"]
[Black "Poettinger, Harald"]
[Result "0-1"]
[WhiteElo "1922"]
[BlackElo "2230"]
[PlyCount "71"]
[EventDate "2003.03.13"]
[EventType "swiss"]
[EventRounds "9"]
[EventCountry "GER"]
[SourceTitle "CBM 093 Extra"]
[Source "ChessBase"]
[SourceDate "2003.05.09"]
[SourceVersion "1"]
[SourceVersionDate "2003.05.09"]
[SourceQuality "1"]

1. e4 e5 2. Nf3 d6 3. d4 exd4 4. Nxd4 Nf6 5. Nc3 Be7 6. Be2 0-0 7. 0-0 c5 8. Nb3 Nc6 9. f4 Be6 10. Be3 a5 11. e5 dxe5 12. Qxd8 Rfxd8 13. Nxc5 Bxc5 14. Bxc5 exf4 15. Rxf4 Rd2 16. Bd3 Ne5 17. Bf5 Ng6 18. Rff1 Bxf5 19. Rxf5 Rxc2 20. Rd1 Rxb2 21. a4 Rxg2+ 22. Kxg2 Nh4+ 23. Kf1 Nxf5 24. Bb6 g6 25. Nd5 Nxd5 26. Rxd5 Ra6 27. Bf2 Kg7 28. Rd7 Re6 29. Be1 Re7 30. Bc3+ f6 31. Rd8 b6 32. Rb8 Ne3+ 33. Kg1 Nd5 34. Bd2 g5 35. Rd8 Re5 36. Kf2 0-1

[Event "Bad Woerishofen op 16th"]
[Site "Bad Woerishofen"]
[Date "2000.03.25"]
[Round "9"]
[White "Kugelmann, Joachim"]
[Black "Eisenbeis, Norman"]
[Result "0-1"]
[WhiteElo "2000"]
[BlackElo "2164"]
[PlyCount "42"]
[EventDate "2000.03.??"]
[EventType "swiss"]
[EventRounds "9"]
[EventCountry "GER"]
[SourceTitle "CBM 075 Extra"]
[Source "ChessBase"]
[SourceDate "2000.05.11"]
[SourceVersion "2"]
[SourceVersionDate "2000.05.11"]
[SourceQuality "1"]

1. e4 c5 2. Nf3 Nc6 3. d4 cxd4 4. Nxd4 Nf6 5. Nc3 d6 6. Be2 e6 7. Be3 Be7 8. 0-0 0-0 9. Bf3 Ne5 10. Qe2 a6 11. Rad1 Qc7 12. Bc1 b5 13. a3 Bb7 14. Bh5 Nc4 15. Bf3 Nxa3 16. bxa3 Qxc3 17. Rd3 Qc7 18. Bb2 Rac8 19. g4 Nd7 20. Bg2 Bf6 21. g5 Bxd4 0-1

[Event "Bad Woerishofen op 16th"]
[Site "Bad Woerishofen"]
[Date "2000.03.23"]
[Round "7"]
[White "Kugelmann, Joachim"]
[Black "Wiesend, Bruno"]
[Result "1-0"]
[WhiteElo "2000"]
[BlackElo "2170"]
[PlyCount "111"]
[EventDate "2000.03.??"]
[EventType "swiss"]
[EventRounds "9"]
[EventCountry "GER"]
[SourceTitle "CBM 075 Extra"]
[Source "ChessBase"]
[SourceDate "2000.05.11"]
[SourceVersion "2"]
[SourceVersionDate "2000.05.11"]
[SourceQuality "1"]

1. e4 e5 2. Nf3 Nf6 3. d4 Nxe4 4. Bd3 d5 5. dxe5 Nc5 6. Be2 Be7 7. Nc3 c6 8. Bf4 Bg4 9. Nd4 Bxe2 10. Qxe2 0-0 11. Qg4 Re8 12. Nf5 g6 13. Nxe7+ Qxe7 14. 0-0-0 Nbd7 15. Rhe1 Ne6 16. Bh6 Ng7 17. Bxg7 Kxg7 18. f4 Qe6 19. Qxe6 fxe6 20. Ne4 Rf8 21. g3 b6 22. Rd2 Nc5 23. Nf6 Rad8 24. g4 h6 25. f5 gxf5 26. gxf5 exf5 27. Rf2 Ne4 28. Rg1+ Kf7 29. Rxf5 Ke6 30. Rh5 Nxf6 31. Rg6 Ke7 32. Rxf6 Rxf6 33. exf6+ Kf7 34. Rxh6 Rg8 35. b3 Rg2 36. h4 a6 37. Rh7+ Kxf6 38. Rb7 Ke5 39. Rxb6 c5 40. Rxa6 Rh2 41. Ra4 d4 42. Ra5 Kd5 43. b4 Kc4 44. bxc5 Rxh4 45. c6 Rh7 46. Rg5 Rc7 47. Rg6 Kc3 48. a3 Rc8 49. Kd1 Rc7 50. a4 Kb4 51. Kd2 Kxa4 52. Kd3 Kb5 53. Kxd4 Kb6 54. Kd5 Rc8 55. c7+ Kb7 56. Rc6 1-0

[Event "Wuerzburg op 13th"]
[Site "Wuerzburg"]
[Date "1997.??.??"]
[Round "6"]
[White "Albert, Michael"]
[Black "Kugelmann, Joachim"]
[Result "1-0"]
[WhiteElo "1885"]
[BlackElo "1950"]
[PlyCount "136"]
[EventDate "1997.05.??"]
[EventType "swiss"]
[EventRounds "7"]
[EventCountry "GER"]
[SourceTitle "CBM 058 Extra"]
[Source "ChessBase"]
[SourceDate "1997.07.29"]
[SourceVersion "1"]
[SourceVersionDate "1997.07.29"]
[SourceQuality "1"]

1. e4 e5 2. d4 exd4 3. Qxd4 Qf6 4. e5 Nc6 5. exf6 Nxd4 6. fxg7 Bxg7 7. Bd3 d5 8. Nc3 c6 9. Bd2 Bg4 10. f3 Bf5 11. Bxf5 Nxf5 12. Nge2 0-0-0 13. 0-0-0 Nge7 14. g4 Nd6 15. Bg5 Rde8 16. Bf4 Nc4 17. b3 Ne5 18. Rhf1 h5 19. h3 N7g6 20. Bxe5 Bxe5 21. Rd3 Bxc3 22. Nxc3 Nf4 23. Rd2 Nxh3 24. gxh5 Rxh5 25. f4 Rf5 26. Ne2 Re3 27. Kd1 Ng5 28. Nd4 Rf6 29. Rg2 Ne6 30. Kd2 Re4 31. Nxe6 Rexe6 32. f5 Re5 33. Rg5 c5 34. Rh5 Kc7 35. Kd3 Kc6 36. Rg5 b5 37. a4 bxa4 38. bxa4 Re4 39. Rg8 Rxa4 40. Rc8+ Kd7 41. Rxc5 Kd6 42. Rc8 a6 43. Rd8+ Kc6 44. Rc8+ Kd7 45. Rb8 Rg4 46. Ra8 Ra4 47. Rb8 Rc4 48. Ra8 Rfc6 49. Rf2 Kd6 50. Rd8+ Ke5 51. Re2+ Kxf5 52. Rf2+ Ke6 53. Re2+ Re4 54. Re8+ Kf5 55. Rf2+ Rf4 56. Rh2 d4 57. Rf8 f6 58. Rd8 Rc3+ 59. Kd2 Ra3 60. Ra8 d3 61. Rc8 dxc2 62. Rxc2 Kg4 63. Rg2+ Kf3 64. Kc1 f5 65. Rh2 Rg4 66. Rhf2+ Ke4 67. Rce2+ Kd3 68. Rd2+ Ke4 1-0

[Event "Wuerzburg op 13th"]
[Site "Wuerzburg"]
[Date "1997.??.??"]
[Round "2"]
[White "Kugelmann, Joachim"]
[Black "Kiefhaber, Veronika"]
[Result "0-1"]
[WhiteElo "1950"]
[BlackElo "2180"]
[PlyCount "68"]
[EventDate "1997.05.??"]
[EventType "swiss"]
[EventRounds "7"]
[EventCountry "GER"]
[SourceTitle "CBM 058 Extra"]
[Source "ChessBase"]
[SourceDate "1997.07.29"]
[SourceVersion "1"]
[SourceVersionDate "1997.07.29"]
[SourceQuality "1"]

1. e4 c5 2. Nf3 d6 3. d4 cxd4 4. Nxd4 Nf6 5. Nc3 g6 6. Be2 Bg7 7. Be3 0-0 8. f3 Nc6 9. Qd2 d5 10. Nxc6 bxc6 11. e5 Nd7 12. f4 Qc7 13. 0-0 Rb8 14. Na4 Re8 15. c4 dxc4 16. e6 fxe6 17. Bxc4 Nf6 18. f5 Rd8 19. Qe2 Nd5 20. fxg6 Nxe3 21. gxh7+ Kh8 22. Rf7 Nxc4 23. Qxc4 Rb5 24. Qg4 Bd4+ 25. Kh1 Rf5 26. Rf1 Rxf1+ 27. Rxf1 Bf6 28. Nc3 Ba6 29. Re1 Bd3 30. Qxe6 Bxh7 31. g4 Rd2 32. Ne2 Bg8 33. Qf5 Bd5+ 34. Kg1 Qe5 0-1